<?xml version="1.0" encoding="UTF-8"?>
<record
    xmlns:xsi="http://www.w3.org/2001/XMLSchema-instance"
    xsi:schemaLocation="http://www.loc.gov/MARC21/slim http://www.loc.gov/standards/marcxml/schema/MARC21slim.xsd"
    xmlns="http://www.loc.gov/MARC21/slim">

  <leader>02766nam a22002177a 4500</leader>
  <controlfield tag="005">20260306100122.0</controlfield>
  <controlfield tag="008">211013b           ||||| |||| 00| 0 eng d</controlfield>
  <datafield tag="020" ind1=" " ind2=" ">
    <subfield code="a">8186622659</subfield>
  </datafield>
  <datafield tag="040" ind1=" " ind2=" ">
    <subfield code="c">AL</subfield>
  </datafield>
  <datafield tag="041" ind1=" " ind2=" ">
    <subfield code="a">Eng</subfield>
  </datafield>
  <datafield tag="082" ind1=" " ind2=" ">
    <subfield code="2">23</subfield>
    <subfield code="a">820.33</subfield>
    <subfield code="b">ANEF</subfield>
  </datafield>
  <datafield tag="100" ind1=" " ind2=" ">
    <subfield code="a">K M Anees Ul Haq</subfield>
    <subfield code="9">257938</subfield>
  </datafield>
  <datafield tag="245" ind1=" " ind2=" ">
    <subfield code="a">Firdaus</subfield>
    <subfield code="b">: a novel</subfield>
  </datafield>
  <datafield tag="260" ind1=" " ind2=" ">
    <subfield code="a">New Delhi</subfield>
    <subfield code="b">Harman Publishing House</subfield>
    <subfield code="c">2003</subfield>
  </datafield>
  <datafield tag="300" ind1=" " ind2=" ">
    <subfield code="a">x,553p</subfield>
    <subfield code="b">HB</subfield>
    <subfield code="c">22x14cm</subfield>
  </datafield>
  <datafield tag="365" ind1=" " ind2=" ">
    <subfield code="b">&#x20B9;750.00</subfield>
    <subfield code="c">&#x20B9;</subfield>
    <subfield code="d">&#x20B9;750.00</subfield>
  </datafield>
  <datafield tag="520" ind1=" " ind2=" ">
    <subfield code="a">&#x2018;Firdaus,&#x2019; by K. M. Anees ul Haq is a visionary appraisal of the social context of Islam since Independence. Its use of techniques of magic realism incisively critiques the psycho-social perspective of Islam and its post Independence evolution in India. It is a sharply succinct account of the birth of fundamental Islam in India.
The story of Firdaus is poignant and heart-warming. Firdaus is an authentic and honest, not-so-ordinary girl from an affluent family who has to cope with the vicissitudes and peccadilloes of her own malignantly hypocritical and bigoted society.
Her innocent, youthful curiosity about her own sensuality leads her into an affair with her father&#x2019;s driver resulting in pregnancy and a harrowing abortion. This is the beginning of a period of trials, turmoil and socio-psychological turbulence, which takes her through a marriage to a diehard bigot, which she terminates with a formal divorce.
The organisation she establishes, called the &#x2018;Anjuman&#x2019;, is for the upliftment of the ignorant and oppressed within Muslim society &#x2013; principally, women. In this also she faces, endures and overcomes the harshest and most relentless opposition from her own clergy and malevolent self-proclaimed stalwarts of Islam.
The lover of her college days, now an aspiring entrepreneur, also eventually spurns her for her inability to conceive as a consequence of her medically terminated pregnancy.
She loses her beloved father to the malevolent machinations of the clergy and self opinionated leaders of reactionary Islamic organisations.
She receives tangible guidance and substantial material assistance from a family of Sikhs. This epitomizes the ways in which people of the different faiths have been able on innumerable occasions to rise above their phobias and irrational suspicions to cultivate relationships of amity, trust, harmony and mutual respect.
&#x2018;Firdaus,&#x2019; is a work of love and hope. It is gently and unfailingly descriptive; and is never accusatory or condemning. It is an extensively researched appraisal of the deterrents to and within Islam.
It is contiguously the tender account of the truly magnificent emancipation of a very human woman person.</subfield>
  </datafield>
  <datafield tag="650" ind1=" " ind2=" ">
    <subfield code="a">Indian English Fiction</subfield>
    <subfield code="9">1363</subfield>
  </datafield>
  <datafield tag="700" ind1=" " ind2=" ">
    <subfield code="a">Shylaja</subfield>
    <subfield code="9">1365</subfield>
  </datafield>
  <datafield tag="942" ind1=" " ind2=" ">
    <subfield code="2">ddc</subfield>
    <subfield code="c">GF</subfield>
  </datafield>
  <datafield tag="999" ind1=" " ind2=" ">
    <subfield code="c">216616</subfield>
    <subfield code="d">216616</subfield>
  </datafield>
  <datafield tag="952" ind1=" " ind2=" ">
    <subfield code="0">0</subfield>
    <subfield code="1">0</subfield>
    <subfield code="2">ddc</subfield>
    <subfield code="4">0</subfield>
    <subfield code="7">0</subfield>
    <subfield code="8">ENG</subfield>
    <subfield code="a">AL</subfield>
    <subfield code="b">AL</subfield>
    <subfield code="d">2013-03-24</subfield>
    <subfield code="l">0</subfield>
    <subfield code="o">820.33 ANEF</subfield>
    <subfield code="p">GF02405</subfield>
    <subfield code="r">2021-10-13 00:00:00</subfield>
    <subfield code="v">750.00</subfield>
    <subfield code="w">2021-10-13</subfield>
    <subfield code="y">GF</subfield>
  </datafield>
</record>
